Statistics for Oxford or Cambridge

Click here to take the quiz!

General Stats

  • This quiz has been taken 50 times
  • The average score is 10 of 15

Answer Stats

QuestionAnswer% Correct
Is the namesake for the city where Harvard University is locatedCambridge
91%
Its main library is known as the BodleianOxford
89%
Postgraduate students can be members of its collegesBoth
82%
It is home to the Cavendish Laboratories, where the DNA's function as a carrier of genetic information was first discoveredCambridge
82%
Is Northwest of LondonOxford
80%
Punting on the river is a traditional activity among its studentsBoth
77%
Charles Darwin studied there in the 19th centuryCambridge
77%
One of its constituent colleges is Trinity CollegeBoth
73%
Has 39 collegesOxford
70%
Its Coat of Arms is mostly blueOxford
68%
Is home to the world's oldest university museumOxford
66%
Claims to having been founded in 1209.Cambridge
50%
As of 2022 some of its constituent colleges are still women-only collegesCambridge
50%
Is home to the world's oldest university pressCambridge
43%
Is home to a college which originally would only accept students from EtonCambridge
32%

Score Distribution

Percentile by Number Answered

Percent of People with Each Score

Your Score History

You have not taken this quiz